|
|
|
|
| LEADER |
00000nam a22000007a 4500 |
| 005 |
20220404235439.0 |
| 007 |
cr|||| |||| |
| 008 |
220404s2021 co |||||s|||| 00||0 spa d |
| 020 |
|
|
|a 978-958-760-339-2
|
| 035 |
|
|
|a 36005
|
| 040 |
|
|
|a vLex
|
| 090 |
|
|
|c 13106
|d 13106
|
| 100 |
1 |
|
|a Hurtado Briceǫ, Alberto Još
|
| 245 |
1 |
2 |
|a La pospandemia y polt̕icas pb︢licas para enfrentarla
|h [Recurso electrn̤ico] /
|c Alberto Jos ̌Hurtado Briceǫ
|
| 256 |
|
|
|a Servicio en ln̕ea
|
| 260 |
|
|
|a Medelln̕:
|b Universidad Cooperativa de Colombia,
|c 2021
|
| 300 |
|
|
|a 1 recurso electrn̤ico
|
| 500 |
|
|
|a Este libro tiene el objetivo de analizar las alternativas de polt̕ica pb︢lica necesarias para la preservacin̤ de la salud de la poblacin̤, la reactivacin̤ de la economa̕ y la definicin̤ de un marco institucional que facilite las relaciones entre individuos en un contexto pospandm̌ico, mediante un enfoque multidimensional. En ese sentido, se analizan los antecedentes de las pandemias de carc̀ter universal, el rol de las organizaciones internacionales, el papel de los bienes pb︢licos globales, los modelos de gobernanza global desde un contexto glocal, las tendencias en investigacin̤ acerca de pandemias y sostenibilidad, los nuevos retos del Estado, el financiamiento de las pequeąs y medianas empresas, los incentivos fiscales a la innovacin̤ en inteligencia artificial y la utilidad de los modelos matemt̀icos para la toma de decisiones de polt̕ica pb︢lica. De esta manera, se presenta un anl̀isis ordenado de los retos que enfrenta la sociedad en la actualidad, con su explicacin̤ y atencin̤ mediante alternativas de accin̤ pb︢lica. Por lo tanto, es una gua̕ sobre el rol y la capacidad que deben desarrollar coordinadamente los funcionarios nacionales, junto a las organizaciones internacionales, para influir la definicin̤ de polt̕icas que reorganicen el equilibrio mundial.
|
| 506 |
1 |
|
|a Disponible solo en los productos indicados
|d vLex Global
|d vLex Global (Academic Edition, excluding Law Schools)
|d vLex Global (U.S. Academic Edition, Law Schools)
|d vLex Global (U.S. Academic Edition, excluding Law Schools)
|d vLex Global (Academic Edition, Law Schools)
|
| 650 |
0 |
4 |
|a Ciencia polt̕ica
|z Colombia
|
| 740 |
0 |
|
|a vLex Libros (Servicio en ln̕ea)
|
| 856 |
4 |
0 |
|u https://app.vlex.com/#/sources/36005
|z Acceso restringido
|
| 942 |
|
|
|c BOOK
|
| 999 |
0 |
|
|a Politic science
|